000 01041pam a2200337 a 4500
001 1773
003 FISKH
005 20230929081655.0
008 831020s1984 ilua j 000 1 eng
010 _a 83023154
020 _a0516020471 (lib. bdg.)
040 _aDLC
_cDLC
_dDLC
_beng
042 _alcac
050 0 0 _aPZ7.N295
_bJu 1984
082 0 0 _a479
_219
100 1 _aNeasi, Barbara J.
245 1 0 _aJust like me /
_cby Barbara J. Neasi ; illustrations by Lois Axeman.
260 _aNew York :
_bScholastic,
_c1984.
300 _a30 pages :
_bcolor illustrations ;
_c19 cm.
440 2 _aA rookie reader
505 _aE
520 _aJennifer tells of the many ways that she and her twin sister, Julie, are alike and different.
521 8 _a200
_bLexile
521 8 _aE
_bRaz-Plus
650 0 _aChildren's stories, American.
650 1 _aTwins
_xFiction.
650 1 _aSisters
_xFiction.
700 1 _aAxeman, Lois,
_eillustrator
906 _a7
_bcbc
_corignew
_d1
_eocip
_f19
_gy-gencatlg
942 _2ddc
_cBK
_n0
999 _c1773
_d1773